'R' Narnia character names Quiz Stats

 Plays Quiz not verified by Sporcle

Challenge
Share
Tweet
Embed
Score 0/12 Timer 03:00
0 Plays Today
Character information Who is it? % Correct
Most valiant and chief of the talking miceReepicheep
91%
A prince (later king) known as 'The Disenchanted' - former prisoner of the silver chairRilian
88.1%
A retired star who lived on an island with his daughter, near the world's edgeRamandu
74.6%
Greatest king of Archenland, son of Cor and AravisRam
73.9%
Calormene prince who tries to invade Archenland and is turned into a donkeyRabadash the Ridiculous
69.4%
He was rescued from the Dark Island where dreams come true(Lord) Rhoop
69.4%
This good giant was a stone statue before Aslan restored himRumblebuffin
63.4%
He turned to gold when he went for a swim on Deathwater Island(Lord) Restimar
50%
Centaur in The Last Battle who predicts disasterRoonwit
44%
One of the sailors on the Dawn TreaderRhince or Rynelf
43.3%
Caspian and his friends found this lord, along with two others, deep in sleep on the star's island(Lord) Revilian
42.5%
A Calormene Tarkaan who conspires with the ape ShiftRishda Tarkaan
32.8%

You're not logged in!

Compare scores with friends on all Sporcle quizzes.
OR
Log In

You Might Also Like...

Show Comments

Extras

Top Quizzes Today


Score Distribution

Your Account Isn't Verified!

In order to create a playlist on Sporcle, you need to verify the email address you used during registration. Go to your Sporcle Settings to finish the process.

Report this User

Report this user for behavior that violates our Community Guidelines.

Details: